Transport policy in the European Union (Record no. 82431)

MARC details
000 -LEADER
fixed length control field 00548nam a2200193Ia 4500
008 - FIXED-LENGTH DATA ELEMENTS--GENERAL INFORMATION
fixed length control field 191130s2003##################000#0#eng##
020 ## - INTERNATIONAL STANDARD BOOK NUMBER
ISBN 9780333793565
082 ## - DEWEY DECIMAL CLASSIFICATION NUMBER
Classification number 388.094 STE
100 ## - MAIN ENTRY--AUTHOR NAME
Personal name Stevens, Handley
245 ## - TITLE STATEMENT
Title Transport policy in the European Union
Statement of responsibility, etc By Handley Stevens
250 ## - EDITION STATEMENT
Edition statement 1st ed
260 ## - PUBLICATION, DISTRIBUTION, ETC. (IMPRINT)
Place of publication Basingstoke, Hampshire
Name of publisher Palgrave Macmillan
Year of publication 2003
300 ## - PHYSICAL DESCRIPTION
Number of Pages xvii,276 p. : 23 cm
650 ## - SUBJECT ADDED ENTRY--TOPICAL TERM
Topical Term Transpotation
991 ## -
-- 341410
Holdings
Withdrawn status Lost status Damaged status Not for loan Home library Current library Date acquired Full call number Accession Number Price effective from Koha item type
        Anna Centenary Library Anna Centenary Library 09.10.2020 388.094 STE 320784 09.10.2020 English Books

Find us on the map